1462 1667 1365 1217 1488 1503 1713 1960 1912 1624 1964 1092 1637 1740 1006 1376 1068 1082 1698 1578 1487 1630 1898 1423 1329 1620 1911 1933 1078 1431 1274 1552 1851 1778 1935 1735 1437 1621 1953 1144 1091 1575 1477 1549 1180 1640 1787 1798 1827 1186 1931 1181 1284 1703 1847 1520 1612 1940 1602 1644 1468 1237 1475 1893 1609 1062 2000 1909 1046 1521 1459 1831 1135 1160 1258 1520 1087 1982 1791 1865 1953 1941 1172 1235 1462 1112 1797 1993 1714 1670 1957 1699 1947 1608 1553 1137 1400 1457 1929 BCNSPRNW ULIB Ver.6.0+V

เปลี่ยนเป็นภาษาไทย

Change to English
 แสดงรายละเอียดบรรณานุกรม
  กลับหน้าหลัก

Brief Record : Get Marc (ISO 2709) : E-mail record : QR code < ปิดหน้าต่าง
LEADER : 00000nam 2200000uu 4500
001    13399127025
003     ULIB
008    020711s2560 th a 000 0 tha d
020    ^a9786163920256
060    ^aWS103^bก344พ
110 1  ^aกองบรรณาธิการสำนักพิมพ์โลกหนังสือ
245    ^aแพะสองตัว นิทานอีสป (สองภาษา ไทย-อังกฤษ)
250    ^aพิมพ์ครั้งที่ 1
260    ^aกรุงเทพฯ :^bบริษัทสำนักพิมพ์โลกหนังสือ จำกัด,^c2560
300    ^a12 หน้า;^b21 ซม.
650    ^aเด็ก^xการเรียนการสอน
945    ^p35^l0^i006213
999    ^aประนอม เกษจรัล
รายการนี้ยังไม่มีแท็ก
คุณยังไม่ได้ล็อกอิน คุณสามารถมีกิจกรรมร่วมกับเว็บไซต์ได้ แต่ต้องล็อกอินก่อน ::
  ล็อกอิน

รายการสื่อสารสนเทศ

ลำดับที่ ประเภท เลขเรียก/บาร์โค้ด สถานที่ สถานะ
1. วิทยาศาสตร์การแพทย์ และสุขภาพ
วิทยาศาสตร์การแพทย์ และสุขภาพ
WS103 ก344พ ฉ.1 
  Barcode: 006213
ห้องสมุดวิทยาเขตสวรรค์ประชารักษ์
►หนังสือทั่วไป
ถูกยืม กำหนดส่งวันที่ 25 เมษายน 2568
  จอง

BibComment


ยังไม่เคยถูกคอมเมนท์

คอมเมนท์ทรัพยากรรายการนี้
  คอมเมนท์: แพะสองตัว นิทานอ..


 Copyright 2026. Bcnsprnw @Library